| 000 | 01178nam a2200337 i 4500 | ||
|---|---|---|---|
| 005 | 20260622122510.0 | ||
| 008 | 260517t20242024my gr a001 0dmay d | ||
| 020 |
_a9789835220074 _cRM60.00 _qpaperback |
||
| 040 |
_aPPAK _beng _cPPAK _erda |
||
| 082 | 0 | 4 |
_223 _a378.199 |
| 090 | 0 | 0 |
_a378.199 _bMUH _dG |
| 100 | 0 |
_aMuhammad Sukri Saud, _eauthor. |
|
| 245 | 1 | 0 |
_aPEMBANGUNAN KURIKULUM PENDIDIKAN TEKNIKAL DAN VOKASIONAL / _cMuhammad Sukri Saud, Yusri Kamin ; Editor: MOHD. AZHAR ABD. HAMID |
| 250 | _aEdisi Pertama 2024 | ||
| 264 | 1 |
_aJohor Bahru, Johor : _bPENERBIT UTM PRESS, _c2024 |
|
| 264 | 4 | _c©2024 | |
| 300 |
_axii, 189 pages ; _c23 cm |
||
| 336 |
_atext _2rdacontent |
||
| 337 |
_aunmediated _2rdamedia |
||
| 338 |
_avolume _2rdacarrier |
||
| 500 | _aIncludes index. | ||
| 504 | _6Bibliography: page [185]. | ||
| 650 | 1 | 0 |
_aTechnical education _xCurricula |
| 650 | 2 | 0 |
_aVocational education _xCurricula |
| 650 | 2 | 0 | _aCurriculum planning |
| 650 | 2 | 0 |
_aEducation _xCurricula |
| 650 | 2 | 0 |
_aGovernment publications _zMalaysia |
| 700 | 0 |
_aYusri Kamin, _eauthor. |
|
| 700 | 0 |
_aMohd. Azhar Abd. Hamid, _eeditor. |
|
| 942 |
_2ddc _cB |
||
| 999 |
_c204334 _d204334 |
||